[Event "17th Aeroflot Open-A 2019"]
[Site "Moscow"]
[Date "2019.02.23"]
[Round "4.36"]
[White "Dai, Changren"]
[Black "Moroni, Luca Jr"]
[Result "0-1"]
[WhiteElo "2473"]
[BlackElo "2567"]
[Annotator "ChessBase"]
[PlyCount "80"]
[EventDate "2019.02.19"]
[EventCountry "RUS"]
[SourceTitle "playchess.com"]
[Source "ChessBase"]
[SourceQuality "1"]
[TimeControl "40/5400+30:1800+30"]

1. e4 {[%emt 0:00:00]} e5 {[%emt 0:01:58]} 2. Nf3 {[%emt 0:00:00]} Nc6 {[%emt 0:00:02]} 3. Bb5 {[%emt 0:00:00]} a6 {[%emt 0:00:04]} 4. Ba4 {[%emt 0:00:03]} Nf6 {[%emt 0:00:04]} 5. O-O {[%emt 0:00:09]} Be7 {[%emt 0:00:05]} 6. Re1 {[%emt 0:00:10]} b5 {[%emt 0:00:05]} 7. Bb3 {[%emt 0:00:04]} d6 {[%emt 0:00:03]} 8. c3 {[%emt 0:00:07]} O-O {[%emt 0:00:06]} 9. h3 {[%emt 0:00:18]} Nb8 {[%emt 0:00:06]} 10. d4 {[%emt 0:01:01]} Nbd7 {[%emt 0:00:05]} 11. Nbd2 {[%emt 0:00:31]} Bb7 {[%emt 0:00:05]} 12. Bc2 {[%emt 0:00:07]} Re8 {[%emt 0:00:05]} 13. Nf1 {[%emt 0:00:57]} Bf8 {[%emt 0:00:09]} 14. Ng3 {[%emt 0:00:11]} g6 {[%emt 0:00:06]} 15. a4 {[%emt 0:01:21]} Nb6 {[%emt 0:03:16]} 16. a5 {[%emt 0:01:45]} Nbd7 {[%emt 0:00:06]} 17. d5 {[%emt 0:00:32]} c6 {[%emt 0:03:02]} 18. dxc6 {[%emt 0:00:37]} Bxc6 {[%emt 0:00:02]} 19. b4 {[%emt 0:02:54]} Qc7 {[%emt 0:08:44]} 20. Bb3 {[%emt 0:08:09]} Bg7 {[%emt 0:13:54]} 21. Qc2 {[%emt 0:05:37]} h6 {[%emt 0:08:36]} 22. Be3 {[%emt 0:19:01]} Qb7 {[%emt 0:05:49]} 23. Qa2 {[%emt 0:00:42]} Nf8 {[%emt 0:02:48]} 24. Bb6 {[%emt 0:04:36]} d5 {[%emt 0:09:11]} 25. exd5 {[%emt 0:04:16]} Bxd5 {[%emt 0:07:43]} 26. Nxe5 {[%emt 0:03:39]} Bxb3 {[%emt 0:03:40]} 27. Qxb3 {[%emt 0:00:07]} Nd5 {[%emt 0:00:32]} 28. Bd4 {[%emt 0:01:34]} Nf4 {[%emt 0:00:58]} 29. f3 {[%emt 0:04:52]} N8e6 {[%emt 0:09:55]} 30. Ne4 {[%emt 0:06:23]} Qc7 {[%emt 0:06:57]} 31. Ng4 {[%emt 0:13:04]} Nxd4 {[%emt 0:01:41]} 32. Ngf6+ {[%emt 0:00:11]} Kh8 {[%emt 0:02:54]} 33. cxd4 {[%emt 0:01:45]} Re6 {[%emt 0:04:21]} 34. Rac1 {[%emt 0:08:55]} Qd8 {[%emt 0:01:23]} 35. Ng4 {[%emt 0:01:33]} f5 {[%emt 0:01:13]} 36. g3 {[%emt 0:01:35]} Qd5 {[%emt 0:01:34]} 37. Nc5 {[%emt 0:05:50]} Rxe1+ {[%emt 0:01:27]} 38. Rxe1 {[%emt 0:00:02]} Bxd4+ {[%emt 0:02:27]} 39. Ne3 {[%emt 0:01:01]} Bxc5 {[%emt 0:01:23]} 40. Qxd5 {[%emt 0:00:00]} Bxe3+ {[%emt 0:00:00]} 0-1

[Event "17th Aeroflot Open-A 2019"]
[Site "Moscow"]
[Date "2019.02.23"]
[Round "4.37"]
[White "Hakobyan, Aram"]
[Black "Warmerdam, Max"]
[Result "1/2-1/2"]
[WhiteElo "2545"]
[BlackElo "2450"]
[Annotator "TA"]
[PlyCount "46"]
[EventDate "2019.02.19"]
[EventCountry "RUS"]
[SourceTitle "playchess.com"]
[Source "ChessBase"]
[SourceQuality "1"]

{[%evp 18,46,14,13,5,6,20,0,0,-4,0,0,-6,-6,-4,-2,0,-32,-32,-32,-32,-24,-35,-41,-39,-30,0,0,0,-43,0]} 1. d4 Nf6 2. Nf3 d5 3. c4 c6 4. Qb3 dxc4 5. Qxc4 Bg4 6. Nbd2 Nbd7 {D23: Queen's Gambit Accepted: 3 Nf3 Nf6 sidelines} 7. g3 e6 8. Bg2 Be7 9. O-O O-O 10. Rd1 {LiveBook: 5 Games} (10. Qb3 Qb6 11. Nc4 Qa6 12. Bd2 Nb6 13. Rfc1 Nxc4 14. Qxc4 Qxc4 15. Rxc4 {1-0 (44) Mamedyarov,S (2817)-Hovhannisyan,R (2637) St Petersburg 2018}) 10... Rc8 11. Nb3 $146 ({Predecessor:} 11. h3 Bh5 12. Nb3 b5 13. Qc3 Qb6 14. Qe1 {0-1 (29) Condori Aranya,E (2196)-Sriram,J (2422) San Cristobal 2012}) 11... b5 12. Qc2 Bf5 13. Qc3 Nd5 14. Qa5 Bc2 15. Qxd8 Rfxd8 16. Rd2 Bg6 17. Ne1 Bb4 18. Rd1 $1 Bxe1 $1 19. Rxe1 Nb4 $1 20. Rd1 Nc2 21. Rb1 Na3 22. Ra1 Nc2 23. Rb1 Na3 {Precision: White = 64%, Black = 63%.} (23... Nf6 $5 {[%cal Rc2d4]} 24. Bg5 Nxd4 $15) 1/2-1/2

[Event "17th Aeroflot Open-A 2019"]
[Site "Moscow"]
[Date "2019.02.23"]
[Round "4.39"]
[White "Praggnanandhaa R"]
[Black "Raja Rithvik R"]
[Result "1/2-1/2"]
[WhiteElo "2532"]
[BlackElo "2443"]
[Annotator "TA"]
[PlyCount "104"]
[EventDate "2019.02.19"]
[EventCountry "RUS"]
[SourceTitle "playchess.com"]
[Source "ChessBase"]
[SourceQuality "1"]

{[%evp 22,104,6,4,12,0,0,-16,-25,-11,-27,-23,50,16,29,23,43,27,17,0,0,-30,0,0,6,7,8,-42,-50,-44,0,0,0,-60,-68,-72,-78,-75,-43,-30,-31,-29,0,-102,-105,-113,-12,-11,0,0,0,0,0,0,0,0,0,0,0,0,0,0,0,0,0,0,0,0,0,0,0,0,0,0,0,0,0,0,0,0,0,0,0,0,0]} 1. e4 e5 2. Nf3 Nc6 3. Bb5 {[%cal Bf1b5,Bb5a4,Ba4b3][%mdl 32]} a6 4. Ba4 Nf6 5. d3 b5 6. Bb3 Bc5 7. Nc3 d6 {C77: Ruy Lopez: 3...a6 4 Ba4 Nf6, unusual lines} 8. Nd5 h6 9. c3 Rb8 10. O-O O-O 11. d4 Ba7 12. Be3 {LiveBook: 28 Games} Ng4 (12... Bg4 13. dxe5 Nxd5 14. Qxd5 Bxe3 15. fxe3 {0-1 (48) Salem,A (2660)-Mamedyarov,S (2817) St Petersburg 2018}) 13. dxe5 {And now Bxa7 would win.} Nxe3 14. fxe3 $146 ({Predecessor:} 14. Nxe3 dxe5 15. Qxd8 Rxd8 16. Nd5 {½-½ (35) Sargsyan,S (2472)-Harutyunian,T (2504) Yerevan 2018}) 14... Nxe5 15. Nxe5 dxe5 16. Qh5 Be6 ({Black should try} 16... c6 $11 17. Nf6+ Kh8) 17. Kh1 Bxd5 18. Bxd5 Qe7 19. Rf3 Kh8 20. Raf1 {[%cal Rd5f7]} f6 {[%cal Bf7f6,Bf6f5,Bf5f4][%mdl 32]} 21. Rh3 Rbd8 22. Qg6 f5 {Strongly threatening ...Rd6.} 23. Qxa6 Bxe3 {Threatens to win with ...fxe4.} 24. Rhf3 (24. exf5 {is more complex.} Qc5 25. c4 c6 26. Qxc6 Rxf5 27. Rhf3) 24... f4 25. Qxb5 Rb8 26. Qe2 Rfd8 27. Rh3 (27. Rd1 $11) 27... c6 $1 $36 {[%cal Rc6d5][%mdl 3072] Black has compensation. Black has some pressure.} 28. Bb3 Rd2 29. Qg4 Rbd8 30. Qg6 R2d6 ({Not} 30... Rxb2 $2 {[#]} 31. Rxh6+ $1 {[%mdl 512]} gxh6 32. Qxh6+ Qh7 33. Qf6+ Qg7 34. Qh4+ (34. Qxd8+ Kh7 $18) 34... Qh7 35. Qxd8+ Kg7 36. Rd1 $18) 31. Qg4 Rd2 32. Rh5 (32. Qg6 $1 $11 {keeps the balance.}) 32... Rxb2 $17 33. h4 Rbd2 (33... Qd6 $17 {aiming for ...Qd3.} 34. Qf5 Re8) 34. Rf5 $1 $11 {[%cal Rf5f7] The position is equal.} Rf8 35. Rxf8+ Qxf8 36. Rd1 Rxd1+ 37. Qxd1 Qe7 {[%cal Re7h4]} 38. Qg4 Qd8 39. Kh2 Bf2 40. h5 Kh7 41. Bf7 Bg3+ 42. Kh3 Kh8 43. a4 Be1 44. Bc4 Bxc3 45. Qg6 c5 46. Be6 Be1 {[%csl Ge1][%cal Rd8h4]} 47. Kg4 {[#]} f3 $1 {[%mdl 512] ( -> ...Qh4+)} 48. g3 (48. gxf3 Qh4+) 48... f2 49. Bc4 $1 Qd1+ 50. Kh3 {White wants to mate with Qe8+.} Qxa4 51. Qf7 {[%csl Gc4][%cal Rf7g8]} Qa8 52. Bd5 Qd8 {Precision: White = 60%, Black = 52%.} 1/2-1/2

[Event "17th Aeroflot Open-A 2019"]
[Site "Moscow"]
[Date "2019.02.23"]
[Round "4.40"]
[White "Lobanov, Sergei"]
[Black "Chen, Qi b"]
[Result "1-0"]
[WhiteElo "2526"]
[BlackElo "2443"]
[Annotator "TA RC"]
[PlyCount "47"]
[EventDate "2019.02.19"]
[EventCountry "RUS"]
[SourceTitle "playchess.com"]
[Source "ChessBase"]
[SourceQuality "1"]

{[%evp 21,47,5,12,0,0,13,20,14,139,134,152,151,204,215,398,415,412,407,481,458,800,792,1094,1088,1080,1063,1114,1100]} 1. e4 e5 2. Nf3 Nc6 3. Bc4 Bc5 4. c3 Nf6 5. d3 O-O 6. O-O d6 7. Bb3 a6 8. h3 h6 9. Re1 Re8 10. Nbd2 Be6 11. Bc2 Ba7 12. Nf1 {[%cal Bd2f1,Bf1g3,Bg3h5][%mdl 32] C54: Giuoco Piano: 4 c3 Nf6, main lines with 5 d4 and 5 d3} d5 13. exd5 Nxd5 (13... Bxd5 14. Ng3 Qd6 15. Qe2 Rad8 16. Ne4 Qe6 17. b3 Ne7 18. Nh4 Bc6 19. Bd2 Nxe4 20. dxe4 {½-½ (72) Onischuk,V (2623)-Matlakov,M (2683) Bastia 2018}) 14. Ng3 {The position is equal.} Qf6 {[#]} (14... b5 $11) 15. Nh5 $1 $16 {[%cal Rh5f6]} Qd8 $146 ({Predecessor:} 15... Qe7 16. Bd2 Qd6 17. Qe2 Bf5 18. Nh4 Bg6 19. Nxg6 Qxg6 {1-0 (32) Secheres,A (2404)-Ciobanu,V (2196) Olanesti 2018}) 16. Nxe5 Bxh3 (16... Nxe5 $16 {is a better defense.} 17. Rxe5 c5) 17. Nxc6 $18 Rxe1+ $2 (17... Qh4 18. Rxe8+ Rxe8) 18. Qxe1 bxc6 19. Qe5 {[%csl Gh5][%cal Re5g7] [#]} (19. gxh3 Qh4 $18) 19... Qf8 20. Qg3 {White is clearly winning.} ({Less strong is} 20. gxh3 Re8 $18) 20... Re8 (20... Bf5 $142 21. Bxh6 Rb8) 21. Bxh6 ({Worse is} 21. Qxh3 Re1+ 22. Kh2 Bxf2 $11) 21... Re2 22. d4 ({Not} 22. Qxh3 Bxf2+ 23. Kh1 Qe7 $14) 22... Rxc2 23. Bxg7 {Bh6+ would kill now.} Qc8 24. gxh3 {Accuracy: White = 88%, Black = 16%.} 1-0

[Event "17th Aeroflot Open-A 2019"]
[Site "Moscow"]
[Date "2019.02.23"]
[Round "5.1"]
[White "Sasikiran, Krishnan"]
[Black "Korobov, Anton"]
[Result "1-0"]
[WhiteElo "2678"]
[BlackElo "2687"]
[Annotator "TA"]
[PlyCount "59"]
[EventDate "2019.02.19"]
[EventCountry "RUS"]
[SourceTitle "playchess.com"]
[Source "ChessBase"]
[SourceQuality "1"]

{[%evp 16,59,15,14,14,13,6,10,9,10,6,10,25,13,42,35,38,45,53,53,62,35,89,89,89,85,119,119,90,100,128,143,178,175,170,172,242,243,218,227,235,229,353,341,525,532]} 1. e4 c5 2. Nf3 d6 3. d4 cxd4 4. Nxd4 Nf6 5. Nc3 a6 6. Be2 e5 7. Nb3 Be7 8. O-O O-O 9. Re1 Be6 {B92: Sicilian Najdorf: 6 Be2} 10. Be3 Nbd7 11. a4 Rc8 {The position is equal.} 12. Bf3 Re8 (12... h6 13. a5 Nh7 14. g3 Ng5 15. Bg2 Nh7 16. Nd5 Bxd5 17. Qxd5 {1-0 (45) Rublevsky,S (2652)-Kobalia,M (2620) Tula 2019}) 13. a5 Qc7 14. Nd2 Nf8 15. Nf1 Ng6 16. g3 Qd7 $146 ({Predecessor:} 16... Qc6) 17. Re2 h6 18. Rd2 Rxc3 (18... Bh3 $14) 19. bxc3 $16 Qc6 20. Rb1 Qxc3 21. Rxb7 Qxa5 22. Ba7 Qa4 23. Ne3 a5 24. c4 Qc6 25. Qb1 Bc8 {[#]} (25... Rc8 {is a better defense.} 26. h4 Bd8) 26. Rb6 $1 $18 {[%cal Rb6c6]} Qa8 27. Bb8 Nd7 {[#]} 28. Rbb2 $1 ({Not} 28. Bxd6 Nxb6 29. Qxb6 Bxd6 $14) 28... Nxb8 (28... Bg5 {was called for.} 29. Bxd6 Bxe3) 29. Rxb8 Qa7 (29... Qc6 $142 30. Qb5 Bd7 31. Rxe8+ Bxe8 32. Qxa5 Bg5) 30. Bg4 {Accuracy: White = 93%, Black = 38%.} 1-0

[Event "17th Aeroflot Open-A 2019"]
[Site "Moscow"]
[Date "2019.02.23"]
[Round "5.2"]
[White "Wei, Yi"]
[Black "Zhou, Jianchao"]
[Result "1/2-1/2"]
[WhiteElo "2733"]
[BlackElo "2615"]
[Annotator "TA"]
[PlyCount "52"]
[EventDate "2019.02.19"]
[EventCountry "RUS"]
[SourceTitle "playchess.com"]
[Source "ChessBase"]
[SourceQuality "1"]

{[%evp 21,52,11,11,4,19,8,11,-9,-2,-10,0,0,0,0,55,54,46,59,53,51,56,4,4,5,2,7,6,0,0,-3,0,0,7]} 1. d4 d5 2. c4 c6 3. Nf3 Nf6 4. Nc3 dxc4 5. a4 e6 6. e3 c5 7. Bxc4 Nc6 {D16: Slav Defence: 5 a4: Lines with 5...Bg4 and 5...Na6} (7... cxd4 8. exd4 Nc6 9. O-O Be7 10. Bg5 O-O 11. Qd2 b6 12. d5 Na5 13. Ba2 Nxd5 14. Nxd5 exd5 15. Bxe7 Qxe7 16. b4 Nc4 17. Qxd5 {0-1 (79) Navara,D (2740)-Grandelius,N (2655) Porto Carras 2018}) 8. O-O cxd4 9. Nxd4 Bd7 10. e4 Nxd4 11. Qxd4 Bc6 {LiveBook: 8 Games} 12. Qe3 a6 13. Rd1 Qc7 14. Qe2 Be7 {[#]} 15. Bg5 $146 ({Predecessor:} 15. e5 Nd7 16. Bf4 {0-1 (45) Romanov,E (2613)-Beradze,I (2310) Nakhchivan 2015}) 15... Rd8 16. Rxd8+ Qxd8 17. Rd1 Qa5 (17... Qc7 $11) 18. Nd5 $1 $14 Nxd5 19. exd5 Bxg5 ({But not} 19... Bxa4 $6 20. b3 $16) 20. dxc6 bxc6 21. Qe4 ({White should play} 21. Bxe6 $1 $14 O-O 22. Bb3) 21... O-O $11 {The position is equal.} 22. Qxc6 Qb4 23. Bxa6 Qxb2 24. Qc5 Rd8 25. Rxd8+ Bxd8 26. Qc6 {[%cal Rc6e8] [#]} Qb4 {Precision: White = 61%, Black = 61%.} 1/2-1/2

[Event "17th Aeroflot Open-A 2019"]
[Site "Moscow"]
[Date "2019.02.23"]
[Round "5.3"]
[White "Fedoseev, Vladimir"]
[Black "Tabatabaei, M.amin"]
[Result "0-1"]
[WhiteElo "2715"]
[BlackElo "2590"]
[Annotator "TA"]
[PlyCount "68"]
[EventDate "2019.02.19"]
[EventCountry "RUS"]
[SourceTitle "playchess.com"]
[Source "ChessBase"]
[SourceQuality "1"]

{[%evp 15,68,2,5,15,6,10,19,20,4,12,28,37,32,31,11,0,0,0,7,6,0,-22,-7,-18,-13,-35,-23,0,0,-54,-35,-51,-39,-68,0,0,0,0,0,-49,-41,-27,-19,-135,-128,-128,-8,-8,-8,-10,-10,-11,-11,-460,-452]} 1. d4 Nf6 2. Bg5 d5 3. e3 c5 4. c3 Nc6 5. Nd2 e6 6. Ngf3 h6 7. Bh4 Be7 8. Bd3 b6 9. Ne5 {D03: 1 d4 d5 2 Nf3 Nf6 3 Bg5, including Torre Attack with early ...d5} (9. Bb5 Bd7 10. O-O O-O 11. Qe2 Ne4 12. Bxe7 Nxe7 13. Nxe4 dxe4 14. Nd2 Bxb5 15. Qxb5 f5 16. Nb3 Ng6 {0-1 (36) So,W (2815)-Giri,A (2785) chess.com INT 2017}) 9... Nxe5 10. dxe5 Nd7 11. Bxe7 {The position is equal.} Qxe7 12. f4 Bb7 13. Qe2 {[#]} g5 $146 ({Predecessor:} 13... Qh4+) 14. a4 Rg8 15. g3 O-O-O 16. Rf1 Kb8 17. a5 c4 18. Bc2 g4 19. axb6 axb6 20. b3 f6 $1 21. bxc4 fxe5 22. cxd5 (22. f5 $11) 22... exd5 $15 23. Nb3 Rc8 24. Kd2 exf4 (24... Qg7 $1 $15) 25. gxf4 $11 d4 26. Nxd4 Qc5 27. c4 g3 28. hxg3 Rxg3 {Hoping for ...Rg2.} 29. Bd3 (29. Kc1 $11) 29... Qb4+ $17 30. Kc2 {[#]} Re8 ({Better is} 30... Rg2 $1 $17 {[%cal Rg2e2]} 31. Rf2 Rcg8) 31. Qd2 $1 $132 {[%cal Rd2b4][%mdl 2048] White has counterplay} Qxd2+ 32. Kxd2 Rexe3 33. Bc2 {Threatens to win with Nf5.} Be4 {Black wants to play ...Nc5.} 34. Nf3 $2 {[%mdl 8192] [#]} (34. Rae1 $11 {and White has nothing to worry.} Rd3+ {[%mdl 64] Double Attack} 35. Kc1 Rxd4 36. Rxe4 Rxe4 37. Bxe4) 34... Rexf3 {Accuracy: White = 63%, Black = 70%.} 0-1

[Event "17th Aeroflot Open-A 2019"]
[Site "Moscow"]
[Date "2019.02.23"]
[Round "5.4"]
[White "Dubov, Daniil"]
[Black "Kulaots, Kaido"]
[Result "0-1"]
[WhiteElo "2703"]
[BlackElo "2542"]
[Annotator "TA"]
[PlyCount "98"]
[EventDate "2019.02.19"]
[EventCountry "RUS"]
[SourceTitle "playchess.com"]
[Source "ChessBase"]
[SourceQuality "1"]

{[%evp 9,98,18,25,6,8,0,-12,-21,17,0,7,13,13,-3,6,10,12,7,16,27,23,21,36,36,51,42,43,37,35,35,40,31,38,31,36,7,5,9,11,0,90,79,97,14,67,0,53,0,6,0,0,-17,0,-66,-62,-122,-106,-99,-99,-158,-170,-161,14,-350,-350,-349,-349,-378,-25,-246,-248,-307,-115,-93,-101,-380,-395,-360,-357,-446,-415,-1608,-1500,-1525,-1500,-1485,-1243,-1247,-1232,-1056,-720]} 1. c4 e5 2. Nc3 Bb4 3. Nd5 a5 4. a3 Be7 5. Nf3 (5. d4 d6 6. e4 Nf6 7. Nxe7 Qxe7 8. f3 Nfd7 9. Ne2 O-O 10. d5 Nc5 11. Be3 f5 12. Nc3 fxe4 13. Bxc5 dxc5 14. Nxe4 {½-½ (35) Matlakov,M (2700)-Yu,Y (2764) Caleta 2019}) 5... d6 6. d3 $146 {A21: English Opening: 1...e5 2 Nc3} ({Predecessor:} 6. d4 Nc6 7. Nxe7 Qxe7 8. d5 Nb8 9. e4 f5 10. Bd3 fxe4 11. Bxe4 Nf6 12. Bg5 {1-0 (49) Liu,Z (2286)-Liu,G (2432) China 2018}) 6... Nf6 7. Nc3 O-O 8. g3 {The position is equal.} Bf5 9. Bg2 Qc8 10. h3 h6 11. b3 Na6 12. e4 Bd7 13. Be3 c5 14. Nh4 Nc7 15. g4 Qd8 16. Nf5 Nh7 17. Qd2 Ra6 18. Nxe7+ Qxe7 19. f4 exf4 20. Bxf4 Re8 21. O-O Nf8 22. Rae1 Ng6 23. Bg3 Ne5 24. Nd5 Nxd5 (24... Qd8 $1 $11) 25. exd5 $16 f6 26. Be4 (26. a4 $16) 26... Qd8 (26... Qf7 $11) 27. Bf4 (27. a4 $14) 27... Re7 ({Better is} 27... b5 $11) 28. Re2 b5 29. cxb5 Bxb5 30. Rg2 a4 31. h4 (31. b4 $11) 31... Bd7 $15 32. g5 {[#]} (32. bxa4 $15 Rxa4 33. Bxe5 Rxe5 34. Rb1) 32... hxg5 $1 $17 33. hxg5 f5 $36 {[%mdl 2048] Black has strong initiative.} 34. Bxe5 (34. d4 $142 fxe4 35. dxe5 dxe5 36. d6) 34... Rxe5 35. Qf4 {aiming for Rh2.} g6 $2 (35... axb3 36. Rh2) ({Black should play} 35... Qe7 $19 36. g6 axb3) 36. bxa4 $2 {[%mdl 8192]} (36. Rh2 $11 Qf8 37. Rb1 (37. Qh4 $2 Qg7 $19)) 36... Qe7 $19 ({Resist} 36... Rxa4 37. Rgf2) ({Not} 36... Bxa4 37. Rh2 $17) 37. Bf3 Rxa4 {[%mdl 64] Double Attack} 38. Qc1 Ra8 $2 (38... Rd4 $19 39. Rb2 Rxd3) 39. Qb2 $2 (39. Kf2 $11 {and White is okay.}) 39... Re8 40. Qc3 Re3 $2 (40... f4 $19 {and Black stays clearly on top. Threatens to win with ...Bh3.} 41. Rh2 Qxg5+ 42. Kh1 Qf6) 41. Rh2 $17 {White wants to mate with Qh8+.} Qg7 42. Qf6 $2 {[%mdl 8192]} (42. Qxg7+ $17 {was called for.} Kxg7 43. Rb2) 42... Qxf6 $19 43. gxf6 Bb5 44. Kf2 Bxd3 45. Rg1 {[#]} (45. Ra1 $142) 45... Re2+ $1 {[%mdl 512] Black is clearly winning.} 46. Bxe2 Rxe2+ 47. Kg3 {[#]} f4+ $1 {[%mdl 576] Deflection} 48. Kxf4 Rxh2 49. Re1 Rh4+ {Accuracy: White = 31%, Black = 50%.} 0-1

[Event "17th Aeroflot Open-A 2019"]
[Site "Moscow"]
[Date "2019.02.23"]
[Round "5.5"]
[White "Martirosyan, Haik M."]
[Black "Petrosyan, Manuel"]
[Result "1-0"]
[WhiteElo "2616"]
[BlackElo "2564"]
[Annotator "TA"]
[PlyCount "147"]
[EventDate "2019.02.19"]
[EventCountry "RUS"]
[SourceTitle "playchess.com"]
[Source "ChessBase"]
[SourceQuality "1"]

{[%evp 16,147,13,1,14,11,12,14,9,13,35,27,54,21,47,30,81,69,81,89,85,78,82,82,80,89,97,91,86,86,76,78,100,93,97,101,119,116,117,97,102,0,120,122,101,113,160,164,175,172,172,150,163,167,164,172,164,156,255,252,246,245,251,257,302,206,226,194,192,174,275,231,299,279,301,281,247,246,301,301,270,272,297,301,294,293,289,288,263,239,396,394,368,362,1159,1191,1113,1146,970,1093,981,906,12819,5724,29957,29961,29960,29961,29958,29962,29963,29961,29960,29952,29959,29959,29951,29956,29964,29969,29970,29960,29982,29983,29972,29973,29987,29988,29988,29989,29989,29990,29995,29996]} 1. d4 Nf6 2. c4 e6 3. Nf3 d5 4. g3 Bb4+ 5. Bd2 Be7 6. Bg2 O-O 7. O-O c6 8. Qb3 b6 9. Nc3 Nbd7 {E11: Bogo-Indian} (9... Bb7 10. Rfd1 Nbd7 11. Rac1 Rc8 12. Ne1 c5 13. cxd5 cxd4 14. d6 Bxg2 15. dxe7 Qxe7 16. Nxg2 Nc5 17. Qa3 dxc3 18. Bxc3 {½-½ (33) Wojtaszek,R (2749)-Yu,Y (2764) Shenzhen 2018}) 10. cxd5 cxd5 11. Rfc1 Bb7 {The position is equal.} 12. a4 {[%cal Ba2a4,Ba4a5][%mdl 32]} a6 13. a5 Rc8 14. e3 $146 ({Predecessor:} 14. axb6 Qxb6 15. Qxb6 Nxb6 16. b3 {½-½ (21) Simeonov,L (2161)-Milanova,M ICCF email 2009}) 14... Ne4 15. Be1 Nd6 (15... b5 $11 {remains equal.}) 16. axb6 $16 Qxb6 17. Qxb6 Nxb6 18. Ne5 Ra8 19. Ra2 Rfc8 20. Rca1 Ne4 21. Bf1 f6 22. Nd3 $1 Kf7 23. h4 Nxc3 24. Bxc3 Nc4 25. Be1 Rab8 26. b3 Nb6 27. Nb4 Nd7 28. Nd3 (28. Kg2 $16) 28... Bc6 (28... Nb6 $1 $11) 29. b4 $1 Bb5 30. Nc5 Nxc5 31. dxc5 Rc7 32. Bc3 h5 33. f3 Rcb7 34. Kf2 Bd8 35. Bxb5 axb5 36. Ra6 Ke7 (36... Re7 $16 37. Rc6 Kg6) 37. Bd4 Rc8 38. f4 Kf7 39. Kf3 Be7 40. e4 dxe4+ 41. Kxe4 Rd7 42. Ra7 Rd5 (42... Rxa7 $142 43. Rxa7 Rb8) 43. Rb7 $18 f5+ 44. Ke3 Rcd8 45. Be5 $1 {[%cal Re5d6] Bd6 is the strong threat.} Rd3+ 46. Ke2 Rd2+ {[#]} 47. Ke1 $1 Ke8 48. Rb8 ({Resist} 48. Bxg7 $6 R2d3 $16) (48. Rxb5 Rg2 $11) 48... Bf6 49. Rxd8+ ({Not} 49. Rxb5 Bxe5 50. fxe5 Rg2 $16) 49... Rxd8 50. Bxf6 gxf6 {[%mdl 4096] Endgame [#] KR-KR} 51. Ra5 $1 Rd3 52. Kf2 ({Less strong is} 52. Rxb5 Rxg3 53. Rb8+ Kd7 $16) 52... e5 $2 (52... Kd7 {is a better defense.} 53. Rxb5 Rc3 54. Rb7+ Kc6 55. Rb6+ Kd7) 53. fxe5 fxe5 54. Rxb5 e4 $2 (54... Rd5 55. Rb8+ Kd7) 55. c6 Rf3+ 56. Kg2 Kd8 57. Rd5+ Kc7 58. b5 Kb6 {[#]} 59. Rc5 $1 {[%mdl 512]} Kc7 {[#]} (59... Kxc5 60. c7) 60. b6+ $1 {[%mdl 512] White mates.} Kxb6 {[#]} 61. c7 $1 {[%mdl 512]} Kxc5 62. c8=Q+ {KQ-KR} Kd4 63. Qh8+ Ke3 64. Qh6+ Kd3 65. Qxh5 Ke2 66. Qe8 Rf2+ 67. Kh3 e3 68. h5 Rf1 69. Qb5+ Ke1 70. Qb1+ Ke2 71. Qc2+ Ke1 72. h6 f4 73. h7 f3 74. Kg4 {Accuracy: White = 85%, Black = 32%.} 1-0

[Event "17th Aeroflot Open-A 2019"]
[Site "Moscow"]
[Date "2019.02.23"]
[Round "5.6"]
[White "Narayanan.S.L"]
[Black "Chigaev, Maksim"]
[Result "0-1"]
[WhiteElo "2593"]
[BlackElo "2613"]
[Annotator "ChessBase"]
[PlyCount "66"]
[EventDate "2019.02.19"]
[EventCountry "RUS"]
[SourceTitle "playchess.com"]
[Source "ChessBase"]
[SourceQuality "1"]
[TimeControl "40/5400+30:1800+30"]

1. d4 {[%emt 0:01:00]} Nf6 {[%emt 0:00:00]} 2. c4 {[%emt 0:00:06]} g6 {[%emt 0:00:00]} 3. g3 {[%emt 0:00:05]} c6 {[%emt 0:02:13]} 4. Bg2 {[%emt 0:00:07]} d5 {[%emt 0:00:03]} 5. Qa4 {[%emt 0:00:21]} dxc4 {[%emt 0:00:15]} 6. Qxc4 {[%emt 0:00:08]} Bg7 {[%emt 0:00:04]} 7. Nf3 {[%emt 0:00:09]} O-O {[%emt 0:00:05]} 8. O-O {[%emt 0:00:06]} Bf5 {[%emt 0:00:03]} 9. Nc3 {[%emt 0:00:21]} Nbd7 {[%emt 0:00:09]} 10. h3 {[%emt 0:00:31]} a5 {[%emt 0:02:48]} 11. Qb3 {[%emt 0:13:41]} Nb6 {[%emt 0:03:22]} 12. a4 {[%emt 0:08:14]} Be6 {[%emt 0:15:47]} 13. Qd1 {[%emt 0:00:42]} Bc4 {[%emt 0:02:08]} 14. Re1 {[%emt 0:27:26]} Nbd5 {[%emt 0:02:25]} 15. Ne5 {[%emt 0:04:25]} Ba6 {[%emt 0:00:11]} 16. Nd3 {[%emt 0:02:06]} Nd7 {[%emt 0:14:28]} 17. e4 {[%emt 0:03:20]} N5b6 {[%emt 0:07:33]} 18. d5 {[%emt 0:04:05]} Nc4 {[%emt 0:07:50]} 19. dxc6 {[%emt 0:02:17]} bxc6 {[%emt 0:00:05]} 20. Qc2 {[%emt 0:00:15]} Qb6 {[%emt 0:00:56]} 21. Rb1 {[%emt 0:05:34]} Rfd8 {[%emt 0:07:10]} 22. b3 {[%emt 0:13:07]} Nce5 {[%emt 0:00:05]} 23. Nxe5 {[%emt 0:02:35]} Nxe5 {[%emt 0:00:12]} 24. Be3 {[%emt 0:00:11]} Qb7 {[%emt 0:00:58]} 25. Rbd1 {[%emt 0:01:22]} h5 {[%emt 0:22:47]} 26. Rxd8+ {[%emt 0:01:43]} Rxd8 {[%emt 0:00:01]} 27. f4 {[%emt 0:03:44]} Qb4 {[%emt 0:05:53]} 28. Rc1 {[%emt 0:00:05]} Rd3 {[%emt 0:00:22]} 29. Nd1 {[%emt 0:03:13]} Qe1+ {[%emt 0:02:41]} 30. Kh2 {[%emt 0:00:03]} Rxe3 {[%emt 0:00:06]} 31. Nxe3 {[%emt 0:00:04]} Qxe3 {[%emt 0:00:04]} 32. Qc5 {[%emt 0:00:02]} Nf3+ {[%emt 0:00:12]} 33. Kh1 {[%emt 0:00:16]} Bd4 {[%emt 0:00:44]} 0-1